Corporate Pairs Quiz Stats

 Plays Quiz Updated May 31, 2018

Score 0/42 Timer 08:00
1 Play Today
First Second % Correct
AbercrombieFitch
96.6%
JohnsonJohnson
89.3%
BaskinRobbins
89%
BarnesNoble
88.8%
HarleyDavidson
84.7%
FisherPrice
82.9%
HewlettPackard
79.5%
BenJerry
78.9%
AnheuserBusch
77.6%
RollsRoyce
73.6%
ProcterGamble
73.5%
MerrillLynch
65.5%
McGrawHill
64.6%
SherwinWilliams
62.2%
GoldmanSachs
57.9%
LockheedMartin
53.1%
BlackDecker
51.8%
SmithWesson
51.3%
SearsRoebuck
46.2%
ErnstYoung
43.4%
KimberlyClark
37.5%
First Second % Correct
RandMcNally
33.9%
SimonSchuster
27.4%
DeloitteTouche
26.1%
PitneyBowes
25.4%
BriggsStratton
25.2%
IngersollRand
25.2%
NorthropGrumman
20.4%
MarksSpencer
20.2%
DunBradstreet
15%
LeaPerrins
14.9%
FunkWagnalls
11%
FaberFaber
10.4%
ScheringPlough
10%
TateLyle
6.2%
MillsBoon
5.7%
HennesMauritz
3.7%
MarshMcLennan
3.1%
ChurchDwight
2.2%
SmithHawken or Caughey's
1.6%
TaylorWimpey
0.9%
AlexanderBaldwin
0.7%

You're not logged in!

Compare scores with friends on all Sporcle quizzes.
OR
Log In

You Might Also Like...

Show Comments

Extras

Top Quizzes Today


Score Distribution

Your Account Isn't Verified!

In order to create a playlist on Sporcle, you need to verify the email address you used during registration. Go to your Sporcle Settings to finish the process.

Report this User

Report this user for behavior that violates our Community Guidelines.

Details: